Influencer-Marketing Strategie, Briefing, Monitoring
Salvato in:
| Autore principale: | |
|---|---|
| Natura: | Libro |
| Lingua: | tedesco |
| Pubblicazione: |
Bonn
Rheinwerk Verlag
2019
|
| Edizione: | 1. Auflage |
| Soggetti: | |
| Tags: |
Nessun Tag, puoi essere il primo ad aggiungerne!!
|
MARC
| LEADER | 00000nam a2200000 4500 | ||
|---|---|---|---|
| 001 | 0269558 | ||
| 005 | 20240221112830.9 | ||
| 020 | |a 978-3-8362-6409-9 | ||
| 041 | 0 | |a ger | |
| 044 | |a DE | ||
| 245 | 1 | 0 | |a Influencer-Marketing |b Strategie, Briefing, Monitoring |c Sven-Oliver Funke |
| 250 | |a 1. Auflage | ||
| 264 | 1 | |a Bonn |b Rheinwerk Verlag |c 2019 | |
| 300 | |a 301 s. | ||
| 610 | 2 | 0 | |a marketing |
| 610 | 2 | 0 | |a influencer marketing |
| 610 | 2 | 0 | |a stratégia marketingová |
| 610 | 2 | 0 | |a propagácia |
| 610 | 2 | 0 | |a rozhodovanie nákupné |
| 610 | 2 | 0 | |a skupiny cieľové |
| 610 | 2 | 0 | |a lídri |
| 610 | 2 | 0 | |a kooperácia |
| 610 | 2 | 0 | |a kampane reklamné |
| 610 | 2 | 0 | |a legislatíva |
| 100 | 1 | |a Funke, Sven-Oliver | |